Fashion design : (Record no. 30573)

MARC details
000 -LEADER
fixed length control field 01657cam a22003618i 4500
001 - CONTROL NUMBER
control field 21910200
003 - CONTROL NUMBER IDENTIFIER
control field EG-ScBUE
005 - DATE AND TIME OF LATEST TRANSACTION
control field 20230925101120.0
008 - FIXED-LENGTH DATA ELEMENTS--GENERAL INFORMATION
fixed length control field 210219t2022 enk f b 001 0 eng d
020 ## - INTERNATIONAL STANDARD BOOK NUMBER
International Standard Book Number 9781350116573
040 ## - CATALOGING SOURCE
Original cataloging agency DLC
Language of cataloging eng
Description conventions rda
Transcribing agency DLC
Modifying agency EG-ScBUE
082 00 - DEWEY DECIMAL CLASSIFICATION NUMBER
Classification number 746.92
Edition number 22
Item number HOP
100 1# - MAIN ENTRY--PERSONAL NAME
Personal name Hopkins, John
Titles and other words associated with a name (Fashion designer),
Relator term author.
245 10 - TITLE STATEMENT
Title Fashion design :
Remainder of title the complete guide /
Statement of responsibility, etc John Hopkins.
250 ## - EDITION STATEMENT
Edition statement Second edition.
264 #1 - PUBLICATION, DISTRIBUTION, ETC. (IMPRINT)
Place of publication, distribution, etc London ;
-- New York :
Name of publisher, distributor, etc Bloomsbury Visual Arts,
Date of publication, distribution, etc [2022]
264 #4 - PUBLICATION, DISTRIBUTION, ETC. (IMPRINT)
Date of publication, distribution, etc c2022
300 ## - PHYSICAL DESCRIPTION
Extent 156 pages :
Other physical details illustrations (some color) ;
Dimensions 28 cm
336 ## - CONTENT TYPE
Content type term text
Content type code txt
Source rdacontent
337 ## - MEDIA TYPE
Media type term unmediated
Media type code n
Source rdamedia
338 ## - CARRIER TYPE
Carrier type term volume
Carrier type code nc
Source rdacarrier
504 ## - BIBLIOGRAPHY, ETC. NOTE
Bibliography, etc Includes bibliographical references and index.
505 0# - FORMATTED CONTENTS NOTE
Formatted contents note Fashion in context -- Visual language of fashion -- Colour and fabrics -- Research and design -- Concept to prototype -- Portfolio and professional practice.
520 ## - SUMMARY, ETC.
Summary, etc "From researching new concepts to incorporating sustainable practices into design, production and distribution - this is the ultimate introduction to the fashion industry"--
Assigning source Provided by publisher.
650 #7 - SUBJECT ADDED ENTRY--TOPICAL TERM
Topical term or geographic name as entry element Fashion design.
Source of heading or term BUEsh
650 #7 - SUBJECT ADDED ENTRY--TOPICAL TERM
Topical term or geographic name as entry element Fashion drawing.
Source of heading or term BUEsh
653 ## - INDEX TERM--UNCONTROLLED
Arrived date list September2023
Resource For college Arts and Design
Specialization Fashion Design
655 ## - INDEX TERM--GENRE/FORM
Form subdivision Reading book
776 08 - ADDITIONAL PHYSICAL FORM ENTRY
Display text Online version:
Main entry heading Hopkins, John (Fashion designer).
Title Fashion design.
Edition Second edition
Place, publisher, and date of publication London ; New York : Bloomsbury Visual Arts, 2021
International Standard Book Number 9781350116580
Record control number (DLC) 2021006015
906 ## - LOCAL DATA ELEMENT F, LDF (RLIN)
a 7
b cbc
c orignew
d 1
e ecip
f 20
g y-gencatlg
942 ## - ADDED ENTRY ELEMENTS (KOHA)
Source of classification or shelving scheme Dewey Decimal Classification
Koha item type Book - Borrowing
Holdings
Withdrawn status Lost status Source of classification or shelving scheme Damaged status Not for loan Collection code Home library Current library Shelving location Date acquired Source of acquisition Cost, normal purchase price Serial Enumeration / chronology Total Checkouts Total Renewals Full call number Barcode Date last seen Date checked out Cost, replacement price Price effective from Koha item type
    Dewey Decimal Classification     Baccah Central Library Central Library Second Floor 25/09/2023 Purchase 947.00 37687 1 23 746.92 HOP 000056906 15/07/2025 22/05/2024 1183.75 25/09/2023 Book - Borrowing